006330000a2200193000450024501020000065000220010265000340012465000130015865000150017165100270018665300320021365300390024565300350028404100130031970000200033270000230035210000260037577300380040110aHabitat fragmentation and movements of three small mammals ()14aUso del hábitat14aFragmentación del hábitat14aRoedores14aEtología 4dKansaspEstados Unidos gSigmodoneSigmodon hispidus gPeromyscusePeromyscus maniculatus gMicrotuseMicrotus ochrogaster0 aInglés1 aHolt, Robert D.1 aGaines, Michael S.1 aDhfendorfer, James E.1 tEcology357h3q827-839d1995g76